Passenger Car Sales Projections: Measuring the Accuracy of a Sales Forecasting Mode
Význam automobilového priemyslu v globálnom ekonomickom prostredí. Prognózovánie predaja osobných automobilov. Komparatívna analýza v 38 krajinách.
Gespeichert in:
| 1. Verfasser: | |
|---|---|
| Weitere Verfasser: | , , , , |
| Format: | Buchkapitel |
| Sprache: | Englisch |
| Schlagworte: | |
| Tags: |
Keine Tags, Fügen Sie das erste Tag hinzu!
|
MARC
| LEADER | 00000naa a2200000 4500 | ||
|---|---|---|---|
| 001 | 0241569 | ||
| 005 | 20221104111330.7 | ||
| 041 | 0 | |a eng | |
| 044 | |a SK | ||
| 245 | 1 | 0 | |a Passenger Car Sales Projections: Measuring the Accuracy of a Sales Forecasting Mode |c Drahomíra Pavelková, Lubor Homolka, Jana Vychytilová, Ngo Vu Minh, Le Tuan Bach, Bruce Dehning |
| 520 | |a Význam automobilového priemyslu v globálnom ekonomickom prostredí. Prognózovánie predaja osobných automobilov. Komparatívna analýza v 38 krajinách. | ||
| 610 | 2 | 0 | |a priemysel automobilový |
| 610 | 2 | 0 | |a predaj |
| 610 | 2 | 0 | |a prostredie ekonomické |
| 610 | 2 | 0 | |a globalizácia |
| 610 | 2 | 0 | |a prognózy |
| 610 | 2 | 0 | |a analýza komparatívna |
| 100 | 1 | |a Pavelková, Drahomíra | |
| 700 | 1 | |a Homolka, Lubor | |
| 700 | 1 | |a Vychytilová, Jana | |
| 700 | 1 | |a Ngo, Vu Minh | |
| 700 | 1 | |a Bach, Le Tuan | |
| 700 | 1 | |a Dehning, Bruce | |